Nmixx Songs by the English Lyrics - Statistics

General Stats
  • This quiz has been taken 341 times
  • The average score is 7 of 10
Answer Stats
Hint Answer % Correct
"We're alive 'cause we are not alone" Run for Roses
88%
"NMIXX, change up! (let's go)" Dice
83%
"Check out, popcorn and Zero Coke" O.O
81%
"Waiting for you right now, waiting for you right now" Party O'Clock
70%
"You can call me reckless (zig-zag)" Dash
62%
"Wa-ya-ya-ya, drop it" Sonar
62%
"Can't you see, can't you see?" Roller Coaster
57%
"Oh yeah, let me hear you say "Yeah" (uh-uh-uh)" Love Me Like This
56%
"Baby, tell me every wish, wish, wish" Tank
54%
"Turn it, turn it up, bang, can you hear that right now?" Young, Dumb, Stupid
46%
No matching quizzes found
Score Distribution
Percent of People with Each Score
Percentile by Number Answered
Your Score History
You have not taken this quiz